LEADER 01370nas0-2200433---4500 001 990002122370203316 005 20110210130258.0 011 $a1825-8689 035 $a000212237 035 $aUSA01000212237 035 $a(ALEPH)000212237USA01 035 $a000212237 100 $a20041028a----9999km-y0ITAy0103----ba 101 0 $aita 102 $aIT 110 $aaiaz---|||| 200 1 $aTerritorio$erivista trimestrale del Dipartimento di Architettura e Pianificazione 210 $aMilano$cFranco Angeli 215 $av.$d28 cm 300 $aComincia nel 1996 300 $aDescrizione basata su: n. 28 (2004) 326 $aTrimestrale 430 0$1001$12001$aDs T 606 0 $aUrbanistica$xPeriodici 606 0 $aPianificazione territoriale$xPeriodici 676 $a711.05 712 10$aDipartimento di architettura e pianificazione del Politecnico di Milano 801 0$aIT$bsalbc$gISBD 912 $a990002122370203316 958 $aECO$bFondo$c28(2004)-55(2010); 959 $aSE 979 $aVITTORIANA$b90$c20041028$lUSA01$h1647 979 $aVITTORIANA$b90$c20041028$lUSA01$h1650 979 $aVITTORIANA$b90$c20041028$lUSA01$h1652 979 $aVITTORIANA$b90$c20041028$lUSA01$h1652 979 $aPATRY$b90$c20080107$lUSA01$h1236 979 $aPATRY$b90$c20110210$lUSA01$h1302 996 $aTerritorio$9324559 997 $aUNISA LEADER 05414nam 2200721Ia 450 001 9910788425503321 005 20230725045709.0 010 $a1-283-43022-3 010 $a9786613430229 010 $a3-11-025569-3 024 7 $a10.1515/9783110255690 035 $a(CKB)3360000000338772 035 $a(EBL)799418 035 $a(OCoLC)769190328 035 $a(SSID)ssj0000560343 035 $a(PQKBManifestationID)12176883 035 $a(PQKBTitleCode)TC0000560343 035 $a(PQKBWorkID)10571092 035 $a(PQKB)10022705 035 $a(MiAaPQ)EBC799418 035 $a(DE-B1597)123674 035 $a(OCoLC)853267800 035 $a(DE-B1597)9783110255690 035 $a(Au-PeEL)EBL799418 035 $a(CaPaEBR)ebr10515793 035 $a(CaONFJC)MIL343022 035 $a(EXLCZ)993360000000338772 100 $a20110523d2011 uy 0 101 0 $aeng 135 $aurnn#---|u||u 181 $ctxt 182 $cc 183 $acr 200 00$aYouth gambling$b[electronic resource] $ethe hidden addiction /$fedited by Jeffrey Derevensky, Daniel T.L. Shek, and Joav Merrick 210 $aBerlin $cDe Gruyter$dc2011 215 $a1 online resource (284 p.) 225 1 $aHealth, medicine, and human development 300 $aDescription based upon print version of record. 311 0 $a3-11-025520-0 320 $aIncludes bibliographical references and index. 327 $tFront matter --$tContents --$tForeword /$rShaffer, Howard J. --$tAuthor index --$tIntroduction --$t1. Adolescent gambling /$rDerevensky, Jeffrey L. / Shek, Daniel T. L. / Merrick, Joav --$t2. Understanding the etiology of youth gambling problems /$rGupta, Rina / Derevensky, Jeffrey L. --$tPrevalence of youth gambling and problem gambling --$t3. An international perspective on youth gambling prevalence studies /$rVolberg, Rachel A. / Gupta, Rina / Griffiths, Mark D. / Ólason, Daniel T. / Delfabbro, Paul --$tCorrelates, risk, and protective factors associated with youth gambling --$t4. Youth problem gambling: Our current knowledge of risk and protective factors /$rShead, N. Will / Derevensky, Jeffrey L. / Gupta, Rina --$t5. Defining and assessing binge gambling /$rGupta, Rina / Derevensky, Jeffrey L. --$t6. Positive youth development and intention to gamble /$rShek, Daniel T. L. / Ma, Cecilia M. S. --$t7. Relationship between positive youth development and intention to gamble among Chinese adolescents in Hong Kong /$rShek, Daniel T. L. / Sun, Rachel C. F. --$tTechnological changes in youth gambling --$t8. Remote gambling in adolescence /$rGriffiths, Mark D. / Parke, Jonathan / Derevensky, Jeffrey L. --$tAssessment Tools --$t9. A critical review of adolescent problem gambling assessment instruments /$rStinchfield, Randy --$tTreating youth problem gamblers --$t10. Treatment of adolescent gambling problems: More art than science? /$rDerevensky, Jeffrey L. / Temcheff, Caroline / Gupta, Rina --$t11. Seeking help online: A new approach for youth-specific gambling interventions /$rGainsbury, Sally --$t12. Adolescent problem gambling: Pharmacological treatment options /$rGrant, Jon E. / Potenza, Marc N. --$tPrevention initiatives --$t13. Youth gambling prevention initiatives: A decade of research /$rDerevensky, Jeffrey L. / Gupta, Rina --$t14. Prevention of gambling problems in adolescents: The role of problem gambling assessment instruments and positive youth development programs /$rShek, Daniel T. L. / Sun, Rachel C. F. --$tAcknowledgements --$t15. About the editors --$t16. The International Centre for Youth Gambling Problems and High-Risk Behaviors (Centre International d'étude sur le jeu et les comportements à risque chez les jeunes) /$rDerevensky, Jeffrey L. / Gupta, Rina --$t17. About the Department of Applied Social Sciences, The Hong Kong Polytechnic University --$t18. About the National Institute of Child Health and Human Development in Israel --$tIndex 330 $aYouth gambling represents a potentially serious public policy and health issue. Nevertheless, the rise in youth gambling issues and problems in the global context is not matched with a parallel increase in research on adolescent gambling. As such, there is an urgent need to conduct more studies on adolescent gambling behaviour. Recently significant advances in the knowledge of the risk factors associated with adolescent problems has emerged. This book addresses issues related to prevalence, assessment, prevention and treatment of youth gambling problems as well as concerns related to technological changes associated with youth problem gambling. 410 0$aHealth, medicine, and human development. 606 $aYouth$xGambling 606 $aTeenage gamblers$xPsychology 606 $aCompulsive gambling$xTreatment 606 $aAdolescent psychology 610 $aAdolescence, Gambling Industry, Risk Behaviour, Prevention, Youth Gambling. 615 0$aYouth$xGambling. 615 0$aTeenage gamblers$xPsychology. 615 0$aCompulsive gambling$xTreatment. 615 0$aAdolescent psychology. 676 $a616.85/84100835 701 $aDerevensky$b Jeffrey L$0788382 701 $aShek$b Daniel T. L$01559963 701 $aMerrick$b Joav$f1950-$0884058 801 0$bMiAaPQ 801 1$bMiAaPQ 801 2$bMiAaPQ 906 $aBOOK 912 $a9910788425503321 996 $aYouth gambling$93825571 997 $aUNINA